000 00410nam a2200145Ia 4500
008 231129s2013||||xx |||||||||||||| ||spa||
020 _a978-958-8695-42-6
040 _bspa
082 _a796.325 G216p
100 _aGarcí­a Garcí­a Luis Guillermo
245 0 _aVoleibol. Pase-colocación
260 _c2013
264 _aArmenia Colombia : Kinesis
942 _2ddc
_cBKS
999 _c26432
_d26432